<?xml version="1.0" encoding="UTF-8"?>
<record
    xmlns:xsi="http://www.w3.org/2001/XMLSchema-instance"
    xsi:schemaLocation="http://www.loc.gov/MARC21/slim http://www.loc.gov/standards/marcxml/schema/MARC21slim.xsd"
    xmlns="http://www.loc.gov/MARC21/slim">

  <leader>00637nam a2200169 i 4500</leader>
  <controlfield tag="001">81900</controlfield>
  <controlfield tag="003">ES-MaACL</controlfield>
  <controlfield tag="005">20230906174532.0</controlfield>
  <controlfield tag="007">t|</controlfield>
  <controlfield tag="008">041108s1912    sp           ||||1| spa d</controlfield>
  <datafield tag="110" ind1="0" ind2=" ">
    <subfield code="a">Instituto General y T&#xE9;cnico de Vitoria.</subfield>
    <subfield code="9">5069</subfield>
  </datafield>
  <datafield tag="245" ind1="1" ind2="0">
    <subfield code="a">Instituto General y T&#xE9;cnico de Vitoria </subfield>
    <subfield code="b">: memoria del curso del 1911 &#xE1; 1912 le&#xED;da en la apertura del curso de 1912 &#xE1; 1913 / </subfield>
    <subfield code="c">Enrique Iglesias y Ejarque.</subfield>
  </datafield>
  <datafield tag="260" ind1=" " ind2=" ">
    <subfield code="a">Vitoria : </subfield>
    <subfield code="b">[s.n., </subfield>
    <subfield code="c">1912]</subfield>
  </datafield>
  <datafield tag="610" ind1="2" ind2="4">
    <subfield code="a">Instituto General y T&#xE9;cnico de Vitoria-</subfield>
    <subfield code="v">Memorias.</subfield>
    <subfield code="9">150702</subfield>
  </datafield>
  <datafield tag="700" ind1="0" ind2=" ">
    <subfield code="a">Iglesias y Ejarque, Enrique.</subfield>
    <subfield code="9">65144</subfield>
  </datafield>
  <datafield tag="852" ind1=" " ind2=" ">
    <subfield code="a">ES-MaACL</subfield>
    <subfield code="j">T-1333-F-9</subfield>
  </datafield>
  <datafield tag="999" ind1=" " ind2=" ">
    <subfield code="c">81900</subfield>
    <subfield code="d">81900</subfield>
  </datafield>
  <datafield tag="952" ind1=" " ind2=" ">
    <subfield code="0">0</subfield>
    <subfield code="1">0</subfield>
    <subfield code="4">0</subfield>
    <subfield code="7">0</subfield>
    <subfield code="8">Colecci&#xF3;n_de_folletos</subfield>
    <subfield code="a">ATENEOM</subfield>
    <subfield code="b">ATENEOM</subfield>
    <subfield code="c">DEPOF</subfield>
    <subfield code="d">2008-01-17</subfield>
    <subfield code="e">SC</subfield>
    <subfield code="l">0</subfield>
    <subfield code="o">T-1333-F-9</subfield>
    <subfield code="p">1085604</subfield>
    <subfield code="r">2023-02-23 00:00:00</subfield>
    <subfield code="w">2023-02-23</subfield>
    <subfield code="y">FOLLETOS</subfield>
  </datafield>
</record>
